Corrected proofs of Some Passages in the Life of Mr Adam Blair,

Bibliographic Details
Corporate Author: Adam Matthew Digital (Firm) (digitiser.)
Format: eBook
Language:English
Published: Marlborough, Wiltshire : Adam Matthew Digital, 2019.
Series:AM Scholar: Literary Studies.
Subjects:
Online Access:Connect to the full text of this electronic book

MARC

Tag First Indicator Second Indicator Subfields
LEADER 00000cam a2200000Mi 4500
001 in00005478564
006 m o d
007 cr |||||||||||
008 230215s2019 enk o 010 p eng d
005 20240917155350.3
035 |a (OCoLC)on1370186637 
040 |a UKAMD  |b eng  |c UKAMD  |d OCLCF  |d OCLCO  |d OCLCL 
035 |a (OCoLC)1370186637 
049 |a TXAM 
245 0 0 |a Corrected proofs of Some Passages in the Life of Mr Adam Blair,  |f c.1822. 
264 1 |a Marlborough, Wiltshire :  |b Adam Matthew Digital,  |c 2019. 
300 |a 1 online resource. 
336 |a text  |b txt  |2 rdacontent 
337 |a computer  |b c  |2 rdamedia 
338 |a online resource  |b cr  |2 rdacarrier 
490 1 |a AM Scholar: Literary Studies 
500 |a Collection: Nineteenth Century Literary Manuscripts. Part 4: The Correspondence and Papers of John Gibson Lockhart (1794-1854), Editor of the Quarterly Review, from the National Library of Scotland. 
535 1 |a National Library of Scotland 
542 |f National Library of Scotland 
600 1 0 |a Lockhart, J. G.  |q (John Gibson),  |d 1794-1854. 
600 1 7 |a Lockhart, J. G.  |q (John Gibson),  |d 1794-1854  |2 fast  |1 https://id.oclc.org/worldcat/entity/E39PBJhxjfF7R4jMvpXM8kf8YP 
655 7 |a Electronic books.  |2 local 
710 2 |a Adam Matthew Digital (Firm),  |e digitiser. 
830 0 |a AM Scholar: Literary Studies. 
856 4 0 |u http://proxy.library.tamu.edu/login?url=https://www.amscholar.amdigital.co.uk/Documents/Details/NCLM_Part4_Reel18_Vol5  |z Connect to the full text of this electronic book  |t 0 
955 |a Adam Matthew Scholar Literacy Studies 
994 |a 92  |b TXA 
999 f f |s 4574867b-ddb3-4fdd-a2ca-6413be16480e  |i ea8acd23-6e4b-40cf-baa6-1e6265b39a45  |t 0 
952 f f |a Texas A&M University  |b College Station  |c Electronic Resources  |d Available Online  |t 0  |h Library of Congress classification 
998 f f |t 0  |l Available Online